Formula 1 general knowledge #3 - Statistics

General Stats
  • This quiz has been taken 142 times
  • The average score is 4 of 10
Answer Stats
Question Answer % Correct
Which driver has the most podium without a win? Nick Heidfeld
65%
Who raced for Benetton in 1996? Berger and Alesi
46%
Who won 70th Anniversary grand prix? Max Verstappen
46%
In which year did DRS (drag reduction system) start to used in F1? 2011
43%
Jean Alesi didn't race for... Arrows
41%
Which driver has the most third positions? Kimi Raikkonen
41%
What season was best for Adrian Sutil in final classification? 2011
38%
Which circuit decided most times about drivers championship? Suzuka
35%
Which of these drivers didn't race in 1994? Derek Warwick
30%
In which years were most races finished under safety car? 2014 and 2009
16%
No matching quizzes found
Score Distribution
Percent of People with Each Score
Percentile by Number Answered
Your Score History
You have not taken this quiz